000 01362nam a22004810a 4500
001 UByD001037
003 AR-LpoUNG
005 20221006002618.0
008 220929s2012||||ag |||||||||||||||||spa d
020 _a9789871855315
040 _aAR-LpoUNG
_bspa
_cAR-LpoUNG
_eaacr
041 _aspa
044 _aag
082 0 _a980.031 212fue
100 1 _aGaravaglia, Juan Carlos
_eed.
245 1 0 _aLas fuerzas en la construcción del Estado :
_bAmérica latina, siglo XIX
250 _a1ra ed.
260 _aRosario :
_bProhistoria Ediciones,
_c2012.
300 _a460 p. :
_btbls.
650 4 _aAMERICA LATINA
650 4 _aANALISIS HISTORICO
650 4 _aESTADO
650 4 _aHISTORIA POLITICA
650 4 _aCOLONIALISMO
650 4 _aNACION
650 4 _aNACIONALIDAD
700 1 _aPro Ruiz, Juan
700 1 _aSarazúa Pérez, Juan Carlos
700 1 _aCorella Ovares, Esteban
700 1 _aAcuña Ortega, Víctor Hugo
700 1 _aLópez Bejarano, Pilar
700 1 _aVelasco Herrera, Viviana
700 1 _aSobrevilla Perea, Natalia
700 1 _aZimmermann, Eduardo
700 1 _aGonzález Lebrero, Rodolfo
700 1 _aEtchechury, Mario
700 1 _aFradklin, Raúl
700 1 _aRatto, Silvia
700 1 _aDe los Ríos, Evangelina
700 1 _aPiazzi, Carolina
905 _a21127
942 _cLIB
_2ddc
999 _c63655
_d63655